Vplyv Nariadenia GDPR na marketingovú stratégiu vybranej spoločnosti bakalárska práca

Guardado en:
Detalles Bibliográficos
Autor principal: Görcsová, Adriana
Autor Corporativo: Obchodná fakulta EU. Katedra obchodného práva
Otros Autores: Tináková, Eva, 1982-
Formato: Libro
Lenguaje:eslovaco
Publicado: Bratislava 2025
Etiquetas: Agregar Etiqueta
Sin Etiquetas, Sea el primero en etiquetar este registro!

MARC

LEADER 00000nbm a2200000 4500
001 0311202
005 20251120085444.8
041 0 |a slo 
044 |a SK 
245 1 0 |a Vplyv Nariadenia GDPR na marketingovú stratégiu vybranej spoločnosti  |b bakalárska práca  |c Adriana Görcsová ; školiteľ: Eva Tináková 
264 1 |a Bratislava  |c 2025 
300 |a 53 s. 
100 1 |a Görcsová, Adriana 
700 1 |a Tináková, Eva, 1982- 
710 2 |a Obchodná fakulta EU. Katedra obchodného práva